000 00401nam a22001337a 4500
999 _c516115
_d516115
082 _aTNC A7x54 Su46
100 _aSukhwal, B. L.
_922493
245 _aModern political geography of India
_cby B. L. Sukhwal
260 _aNew Delhi
_bSterling
_c1985
300 _a427p.
650 _aIndia - Geopolitics
_924578
650 _aIndia - Geography
_924579
650 _aGeography, Political - India
_924580